[Event "Voronezh op-B 23rd"]
[Site "Voronezh"]
[Date "2019.06.20"]
[Round "9"]
[White "Kholodov, Vladimir"]
[Black "Murzina, Agata"]
[Result "0-1"]
[WhiteElo "1939"]
[BlackElo "1579"]
[PlyCount "102"]
[EventDate "2019.06.12"]
[EventType "swiss"]
[EventRounds "9"]
[EventCountry "RUS"]
[SourceTitle "EXT 2020"]
[Source "ChessBase"]
[SourceDate "2019.10.17"]
[SourceVersion "1"]
[SourceVersionDate "2019.10.17"]
[SourceQuality "1"]

1. e4 e6 2. c4 d5 3. exd5 exd5 4. d4 c6 5. Nc3 Nf6 6. Nf3 Be7 7. cxd5 cxd5 8. Bb5+ Nbd7 9. 0-0 0-0 10. Qb3 Nb6 11. a4 a6 12. Bd3 a5 13. Nb5 Bg4 14. Ne5 Be6 15. Bd2 Nbd7 16. Nxd7 Bxd7 17. Rfc1 Qb6 18. Bf4 Bxb5 19. Be5 Nd7 20. Bg3 Bxd3 21. Qxd3 Rfc8 22. Qf5 Qe6 23. Qd3 Bb4 24. Qb5 b6 25. Bc7 Nf6 26. Rc6 Qe8 27. Rac1 Bd2 28. Rd1 Bf4 29. Qxb6 Bxc7 30. Rxc7 Rcb8 31. Qc5 Rxb2 32. Qc3 Ra2 33. Re1 Qb8 34. Qc6 h6 35. g4 Rb2 36. Ree7 Rb6 37. Qc5 Re6 38. Rxf7 Qb1+ 39. Kg2 Qe4+ 40. f3 Qe2+ 41. Kg3 Qe1+ 42. Kh3 Qf1+ 43. Kg3 Re3 44. Rxf6 Qg1+ 45. Kh3 Qf1+ 46. Kh4 Qf2+ 47. Kh5 Rd8 48. Kg6 gxf6 49. Qa7 Re7 50. Rxe7 Qc2+ 51. Kxh6 Qd2+ 0-1

[Event "Voronezh op-B 23rd"]
[Site "Voronezh"]
[Date "2019.06.19"]
[Round "8"]
[White "Murzina, Agata"]
[Black "Lekhtonen, Yaroslav"]
[Result "1-0"]
[WhiteElo "1579"]
[BlackElo "1776"]
[PlyCount "77"]
[EventDate "2019.06.12"]
[EventType "swiss"]
[EventRounds "9"]
[EventCountry "RUS"]
[SourceTitle "EXT 2020"]
[Source "ChessBase"]
[SourceDate "2019.10.17"]
[SourceVersion "1"]
[SourceVersionDate "2019.10.17"]
[SourceQuality "1"]

1. e4 e6 2. d4 d5 3. Nd2 c5 4. exd5 Qxd5 5. Ngf3 cxd4 6. Bc4 Qd6 7. 0-0 Nf6 8. Nb3 Nc6 9. Nbxd4 Nxd4 10. Nxd4 a6 11. Re1 Qc7 12. Bb3 Bd6 13. h3 0-0 14. Bg5 Be5 15. c3 h6 16. Bd2 Rd8 17. Nf3 Bd6 18. Nd4 Bc5 19. Rc1 Qb8 20. Qf3 Nd5 21. Qg3 Qc7 22. Qg4 Nf6 23. Qh4 Nd5 24. Qg4 Nf6 25. Qh4 Nd5 26. Bc2 Qe7 27. Qg3 Qc7 28. Qg4 Nf6 29. Qh4 Bxd4 30. cxd4 Qe7 31. Bxh6 gxh6 32. Qxh6 Rxd4 33. Re5 Ne4 34. Bxe4 f6 35. Rec5 Bd7 36. R5c3 Qg7 37. Rg3 Qxg3 38. fxg3 Rxe4 39. Qg6+ 1-0

[Event "Voronezh op-B 23rd"]
[Site "Voronezh"]
[Date "2019.06.18"]
[Round "7"]
[White "Krupin, Victor"]
[Black "Murzina, Agata"]
[Result "1-0"]
[WhiteElo "1958"]
[BlackElo "1579"]
[PlyCount "81"]
[EventDate "2019.06.12"]
[EventType "swiss"]
[EventRounds "9"]
[EventCountry "RUS"]
[SourceTitle "EXT 2020"]
[Source "ChessBase"]
[SourceDate "2019.10.17"]
[SourceVersion "1"]
[SourceVersionDate "2019.10.17"]
[SourceQuality "1"]

1. e4 e6 2. d4 d5 3. Nc3 Nf6 4. e5 Nfd7 5. f4 c5 6. Nf3 Nc6 7. Be3 a6 8. Qd2 Be7 9. Ne2 f5 10. c3 c4 11. h4 h5 12. Ng5 Nf8 13. Ng3 g6 14. Be2 Bd7 15. Kf2 b5 16. b3 Qa5 17. Rhb1 Nh7 18. a4 Qd8 19. Bd1 Nxg5 20. fxg5 0-0 21. Ne2 Be8 22. Nf4 Qd7 23. axb5 Nb8 24. bxc4 dxc4 25. Bf3 Ra7 26. d5 exd5 27. Qxd5+ Kh7 28. b6 Qxd5 29. bxa7 Qxe5 30. axb8Q Qxc3 31. Qb2 Qxb2+ 32. Rxb2 Bd6 33. Rb7+ Kg8 34. Rxa6 Bxf4 35. Bxf4 c3 36. Bd5+ Bf7 37. Rxf7 Rxf7 38. Ra8+ Kh7 39. Bxf7 c2 40. Be5 c1N 41. Rh8# 1-0

[Event "Voronezh op-B 23rd"]
[Site "Voronezh"]
[Date "2019.06.16"]
[Round "5"]
[White "Gusev, Dmitri1111"]
[Black "Murzina, Agata"]
[Result "0-1"]
[WhiteElo "1806"]
[BlackElo "1579"]
[PlyCount "106"]
[EventDate "2019.06.12"]
[EventType "swiss"]
[EventRounds "9"]
[EventCountry "RUS"]
[SourceTitle "EXT 2020"]
[Source "ChessBase"]
[SourceDate "2019.10.17"]
[SourceVersion "1"]
[SourceVersionDate "2019.10.17"]
[SourceQuality "1"]

1. Nf3 Nf6 2. b3 g6 3. Bb2 Bg7 4. g3 b6 5. Bg2 Bb7 6. 0-0 0-0 7. d3 d6 8. Nbd2 Nbd7 9. e4 e5 10. Ne1 Nc5 11. f4 Nfd7 12. f5 a5 13. a4 Qe7 14. g4 Bh6 15. Nef3 d5 16. Qe1 d4 17. h4 Be3+ 18. Kh1 h6 19. Nc4 Bf4 20. Bc1 g5 21. hxg5 hxg5 22. Bxf4 gxf4 23. g5 f6 24. g6 Kg7 25. Kg1 Rh8 26. Kf2 Na6 27. Qd2 Nb4 28. Rh1 Nc5 29. Rxh8 Rxh8 30. Rh1 Rxh1 31. Bxh1 Qe8 32. Kg1 Qh8 33. Qg2 Qh5 34. Ncxe5 fxe5 35. f6+ Kf8 36. Qg5 Qxg5+ 37. Nxg5 Nd7 38. Ne6+ Ke8 39. f7+ Ke7 40. g7 Kxf7 41. Nd8+ Kxg7 42. Nxb7 Nxc2 43. Kf2 Na1 44. Nd8 Kf6 45. Bf3 Nxb3 46. Bg4 Ndc5 47. Be2 Nc1 48. Nc6 N1xd3+ 49. Bxd3 Nxd3+ 50. Ke2 Nb2 51. Nb8 Nxa4 52. Nd7+ Ke6 53. Nf8+ Kd6 0-1

[Event "Voronezh op-B 23rd"]
[Site "Voronezh"]
[Date "2019.06.14"]
[Round "3"]
[White "Chernov, Vladimir S"]
[Black "Murzina, Agata"]
[Result "1-0"]
[WhiteElo "1999"]
[BlackElo "1579"]
[PlyCount "65"]
[EventDate "2019.06.12"]
[EventType "swiss"]
[EventRounds "9"]
[EventCountry "RUS"]
[SourceTitle "EXT 2020"]
[Source "ChessBase"]
[SourceDate "2019.10.17"]
[SourceVersion "1"]
[SourceVersionDate "2019.10.17"]
[SourceQuality "1"]

1. d4 d5 2. Nf3 Nf6 3. c4 c6 4. Nc3 e6 5. Bg5 Nbd7 6. e3 Be7 7. cxd5 exd5 8. Bd3 h6 9. Bh4 0-0 10. Rc1 Ne4 11. Bxe7 Qxe7 12. 0-0 Ndf6 13. Ne5 Bf5 14. Qc2 Bh7 15. f3 Nxc3 16. bxc3 Rfe8 17. Rb1 Bxd3 18. Qxd3 Nd7 19. Nxd7 Qxd7 20. e4 Re7 21. e5 Rc8 22. f4 c5 23. f5 cxd4 24. cxd4 Ree8 25. f6 g6 26. Rf3 Rc7 27. Rh3 Kh7 28. Qe3 h5 29. Qg5 Qf5 30. Rxh5+ Kg8 31. Rh8+ Kxh8 32. Qh6+ Kg8 33. Qg7# 1-0

[Event "RUS-chT U14 final"]
[Site "Sochi"]
[Date "2019.05.07"]
[Round "6.2"]
[White "Murzina, Agata"]
[Black "Korobchenko, Yuri"]
[Result "1/2-1/2"]
[WhiteElo "1680"]
[BlackElo "1450"]
[PlyCount "88"]
[EventDate "2019.05.01"]
[EventType "team-tourn"]
[EventRounds "9"]
[EventCountry "RUS"]
[SourceTitle "CBM 190 Extra"]
[Source "ChessBase"]
[SourceDate "2019.07.15"]
[SourceVersion "1"]
[SourceVersionDate "2019.07.15"]
[SourceQuality "1"]

1. e4 c6 2. d4 d5 3. Nd2 dxe4 4. Nxe4 Nd7 5. Nf3 Ngf6 6. Nxf6+ Nxf6 7. Bd3 Bg4 8. c3 e6 9. Bg5 Be7 10. Qe2 Qc7 11. h3 Bh5 12. g4 Bg6 13. Ne5 Bxd3 14. Nxd3 h6 15. Bf4 Bd6 16. Bxd6 Qxd6 17. 0-0-0 0-0-0 18. Ne5 Qe7 19. f4 Nd7 20. Nc4 Nb6 21. Ne5 Nd7 22. Rde1 Nxe5 23. Qxe5 Qc7 24. Qxg7 Qxf4+ 25. Kb1 Rdg8 26. Qe5 Qxe5 27. Rxe5 Rg5 28. Rf1 Rh7 29. Kc2 Kd7 30. Re3 Ke7 31. Re5 Rhg7 32. Rfe1 Rxe5 33. Rxe5 b6 34. Rh5 Rg6 35. Kd3 Kd6 36. b4 Rf6 37. a4 a6 38. Ke3 b5 39. axb5 axb5 40. Ke2 Kd7 41. Rc5 Rf4 42. Rh5 Rf6 43. Ke3 Kd6 44. Ke4 Rg6 1/2-1/2

[Event "RUS-chT U14 final"]
[Site "Sochi"]
[Date "2019.05.04"]
[Round "4.2"]
[White "Zvereva, Margarita"]
[Black "Murzina, Agata"]
[Result "1-0"]
[WhiteElo "1747"]
[BlackElo "1680"]
[PlyCount "60"]
[EventDate "2019.05.01"]
[EventType "team-tourn"]
[EventRounds "9"]
[EventCountry "RUS"]
[SourceTitle "CBM 190 Extra"]
[Source "ChessBase"]
[SourceDate "2019.07.15"]
[SourceVersion "1"]
[SourceVersionDate "2019.07.15"]
[SourceQuality "1"]

1. d4 d5 2. Nf3 Bf5 3. e3 e6 4. c4 c6 5. Nc3 Nd7 6. Bd3 Bxd3 7. Qxd3 Ngf6 8. 0-0 Bd6 9. e4 dxe4 10. Nxe4 Nxe4 11. Qxe4 Nf6 12. Qe2 h6 13. Bd2 0-0 14. Bc3 Re8 15. Rad1 Qe7 16. a3 Rad8 17. Rfe1 Qc7 18. g3 Qc8 19. Qf1 Be7 20. b4 b6 21. Bb2 Qa8 22. Ne5 Nd7 23. Qe2 Nxe5 24. dxe5 c5 25. b5 Qb7 26. a4 Kf8 27. Bc3 a5 28. bxa6 Qxa6 29. Ra1 Rd7 30. Qe4 Red8 1-0

[Event "RUS-chT U14 final"]
[Site "Sochi"]
[Date "2019.05.03"]
[Round "3.2"]
[White "Gavrilov, Maxim"]
[Black "Murzina, Agata"]
[Result "1-0"]
[WhiteElo "1717"]
[BlackElo "1680"]
[PlyCount "145"]
[EventDate "2019.05.01"]
[EventType "team-tourn"]
[EventRounds "9"]
[EventCountry "RUS"]
[SourceTitle "CBM 190 Extra"]
[Source "ChessBase"]
[SourceDate "2019.07.15"]
[SourceVersion "1"]
[SourceVersionDate "2019.07.15"]
[SourceQuality "1"]

1. d4 Nf6 2. c4 e6 3. Nc3 Bb4 4. f3 c5 5. d5 Nh5 6. g3 exd5 7. cxd5 d6 8. e4 a6 9. Bg2 Nd7 10. f4 Nhf6 11. Nge2 Ba5 12. 0-0 b5 13. h3 0-0 14. Be3 Re8 15. Qc2 Rb8 16. g4 b4 17. Nd1 Kh8 18. g5 Ng8 19. Ng3 Nb6 20. b3 Bd7 21. Rf2 Rc8 22. Bf1 Bb5 23. Nh5 Bxf1 24. Kxf1 Qe7 25. Qb2 f6 26. Rg2 Qf7 27. gxf6 gxf6 28. Ng3 c4 29. Nf5 Rcd8 30. Qf2 Nc8 31. Rg7 Qh5 32. Qg2 Nce7 33. Rxe7 Rxe7 34. Nxe7 Nxe7 35. Bd4 Qh6 36. Qg5 Qxh3+ 37. Kg1 Ng8 38. Nf2 Qd7 39. Bxf6+ Nxf6 40. Qxf6+ Qg7+ 41. Qxg7+ Kxg7 42. bxc4 Bb6 43. Kg2 Rc8 44. Rc1 Be3 45. Rc2 Bxf4 46. Nd3 Be3 47. Nxb4 a5 48. Nc6 a4 49. Ne7 Re8 50. Nf5+ Kf6 51. Nxe3 Rxe4 52. Kf3 Rd4 53. Rh2 Kg6 54. Rh6+ Kg5 55. Rxh7 Rd2 56. Rg7+ Kf6 57. Rg2 Rd3 58. Ke4 Ra3 59. Rf2+ Ke7 60. Nf5+ Kd7 61. Nd4 Rc3 62. Rc2 Rh3 63. Nb5 Rh8 64. Kd4 Rh3 65. Re2 Rh6 66. Kc3 Kc8 67. Kb4 Kb7 68. Kxa4 Kb6 69. Kb4 Rf6 70. a4 Rh6 71. Re7 Rg6 72. a5+ Ka6 73. Ra7# 1-0

[Event "Wch U14 Girls"]
[Site "Porto Carras"]
[Date "2018.10.27"]
[Round "8"]
[White "Murzina, Agata"]
[Black "Wang, Isabelle"]
[Result "1-0"]
[WhiteElo "1768"]
[BlackElo "1416"]
[PlyCount "117"]
[EventDate "2018.10.20"]
[EventType "swiss"]
[EventRounds "11"]
[EventCountry "GRE"]
[SourceTitle "CBM 187 Extra"]
[Source "ChessBase"]
[SourceDate "2018.11.04"]
[SourceVersion "1"]
[SourceVersionDate "2018.11.04"]
[SourceQuality "1"]

1. e4 e5 2. Nf3 Nc6 3. Bc4 Bc5 4. d3 Nf6 5. Nc3 0-0 6. Bg5 Be7 7. Bxf6 Bxf6 8. Nd5 d6 9. a3 Be6 10. Nxf6+ Qxf6 11. Bxe6 fxe6 12. 0-0 Ne7 13. Qd2 h6 14. Qc3 Rac8 15. Rfe1 Ng6 16. Re3 Nf4 17. Qb3 Rb8 18. Rd1 Qg6 19. g3 Ne2+ 20. Rxe2 Rxf3 21. Qc4 Qf7 22. Kg2 Rf6 23. Rdd2 Kh7 24. c3 Qd7 25. d4 exd4 26. cxd4 Rff8 27. Rc2 c6 28. e5 d5 29. Qc5 a6 30. a4 Qf7 31. Rc3 Qf5 32. Qa3 Qg6 33. b4 Qg4 34. Rd2 Qg5 35. Qb2 Qe7 36. Rdc2 Rfc8 37. Rc1 Kh8 38. b5 axb5 39. axb5 Qd7 40. Qc2 c5 41. Rxc5 Rxc5 42. Qxc5 Re8 43. b6 Qf7 44. Rc3 Rf8 45. f3 Re8 46. Qd6 Ra8 47. h4 Ra2+ 48. Kg1 Qf5 49. Qb4 Ra1+ 50. Kf2 Qh3 51. Rc8+ Kh7 52. Qc3 Qh2+ 53. Ke3 Qg1+ 54. Kf4 g5+ 55. hxg5 hxg5+ 56. Kg4 Ra4 57. Qc7+ Kg6 58. Rg8+ Kh6 59. Qg7# 1-0

[Event "Wch U14 Girls"]
[Site "Porto Carras"]
[Date "2018.10.23"]
[Round "5"]
[White "Tien, Sophie"]
[Black "Murzina, Agata"]
[Result "1-0"]
[WhiteElo "1648"]
[BlackElo "1768"]
[PlyCount "127"]
[EventDate "2018.10.20"]
[EventType "swiss"]
[EventRounds "11"]
[EventCountry "GRE"]
[SourceTitle "CBM 187 Extra"]
[Source "ChessBase"]
[SourceDate "2018.11.04"]
[SourceVersion "1"]
[SourceVersionDate "2018.11.04"]
[SourceQuality "1"]

1. e4 e6 2. d4 d5 3. Nc3 Nf6 4. exd5 exd5 5. Bd3 Be7 6. Nge2 0-0 7. 0-0 Re8 8. Ng3 c6 9. Bg5 Nbd7 10. Qf3 h6 11. Bf4 Qb6 12. Nce2 Qxb2 13. Nf5 Bf8 14. Rfb1 Qa3 15. Neg3 Qa4 16. Nxg7 Bxg7 17. Nf5 Nf8 18. Nxg7 Kxg7 19. Bxh6+ Kxh6 20. Qxf6+ Ng6 21. Qxf7 Re6 22. c3 Qa3 23. Bxg6 Rxg6 24. Qf4+ Kh7 25. Re1 Be6 26. Rxe6 Rxe6 27. Qf7+ Kh8 28. Qxe6 Qxc3 29. Qe5+ Kg8 30. Re1 Rf8 31. h4 Qd2 32. f3 a6 33. Re2 Qc1+ 34. Kh2 Qf4+ 35. Kh3 Qc1 36. Re1 Qd2 37. Qg3+ Kh8 38. Re5 Qh6 39. Qg4 Rf4 40. Rh5 Rxg4 41. Rxh6+ Kg7 42. Kxg4 Kxh6 43. Kf4 Kh5 44. g4+ Kh6 45. Ke5 a5 46. Kd6 a4 47. Kc5 b5 48. f4 Kg6 49. h5+ Kh6 50. a3 Kh7 51. g5 Kg7 52. f5 Kg8 53. h6 Kh7 54. Kb4 Kg8 55. g6 Kh8 56. f6 Kg8 57. f7+ Kf8 58. h7 c5+ 59. Kxc5 b4 60. Kxb4 Kg7 61. h8Q+ Kxg6 62. f8R Kg5 63. Qg7+ Kh5 64. Rh8# 1-0

[Event "EU-ch U14 Girls 28th"]
[Site "Riga"]
[Date "2018.08.20"]
[Round "1.7"]
[White "Lehaci, Miruna Daria"]
[Black "Murzina, Agata"]
[Result "0-1"]
[WhiteElo "2055"]
[BlackElo "1716"]
[PlyCount "120"]
[EventDate "2018.08.20"]
[EventType "swiss"]
[EventRounds "9"]
[EventCountry "LAT"]
[SourceTitle "CBM 186 Extra"]
[Source "ChessBase"]
[SourceDate "2018.08.24"]
[SourceVersion "1"]
[SourceVersionDate "2018.08.24"]
[SourceQuality "1"]

1. e4 e6 2. d4 d5 3. Nc3 Nf6 4. e5 Nfd7 5. f4 c5 6. Nf3 Nc6 7. Be3 a6 8. Qd2 b5 9. a3 Rb8 10. Be2 Be7 11. 0-0 0-0 12. dxc5 Bxc5 13. Bxc5 Nxc5 14. Rad1 b4 15. axb4 Rxb4 16. b3 f6 17. Kh1 fxe5 18. Nxe5 Nxe5 19. fxe5 Rh4 20. Rxf8+ Qxf8 21. Qg5 Rf4 22. Bf3 Nd7 23. Re1 Rxf3 24. gxf3 Qxf3+ 25. Kg1 Qxc3 26. Rf1 Qc5+ 27. Rf2 h6 28. Qh5 Kh7 29. Kf1 Qb5+ 30. Ke1 d4 31. Re2 Bb7 32. Kf2 d3 33. cxd3 Qxd3 34. Qf7 Qf5+ 35. Qxf5+ exf5 36. e6 Nf6 37. e7 Bc6 38. Kg3 Kg6 39. Kf4 Be4 40. Ra2 Kf7 41. Rxa6 Kxe7 42. Ra7+ Ke6 43. Kg3 Ke5 44. h3 Kd4 45. Kf2 Nh5 46. Rc7 f4 47. Rc4+ Kd3 48. Rc7 g5 49. b4 Nf6 50. Rf7 Nd5 51. b5 Kc4 52. b6 Nxb6 53. Rf6 Nd5 54. Rxh6 Nc3 55. Rh5 f3 56. Ke1 Nd1 57. Kxd1 f2 58. Ke2 Bf3+ 59. Kxf3 f1Q+ 60. Kg4 Qf4# 0-1

[Event "Voronezh op-B 22nd"]
[Site "Voronezh"]
[Date "2018.06.20"]
[Round "9"]
[White "Murzina, Agata"]
[Black "Teryaeva, Valeria"]
[Result "1-0"]
[WhiteElo "1632"]
[BlackElo "1787"]
[PlyCount "29"]
[EventDate "2018.06.12"]
[EventType "swiss"]
[EventRounds "9"]
[EventCountry "RUS"]
[SourceTitle "CBM 185 Extra"]
[Source "ChessBase"]
[SourceDate "2018.07.29"]
[SourceVersion "1"]
[SourceVersionDate "2018.07.29"]
[SourceQuality "1"]

1. c4 Nf6 2. Nf3 e6 3. g3 b6 4. Bg2 Bb7 5. 0-0 c5 6. Nc3 Be7 7. d3 d5 8. cxd5 exd5 9. Nh4 Qd7 10. e4 dxe4 11. dxe4 Qxd1 12. Rxd1 Nc6 13. Nf5 Bf8 14. Nb5 Rb8 15. Nc7# 1-0

[Event "Voronezh op-B 22nd"]
[Site "Voronezh"]
[Date "2018.06.13"]
[Round "2"]
[White "Makarov, Anton"]
[Black "Murzina, Agata"]
[Result "1/2-1/2"]
[WhiteElo "1787"]
[BlackElo "1632"]
[PlyCount "62"]
[EventDate "2018.06.12"]
[EventType "swiss"]
[EventRounds "9"]
[EventCountry "RUS"]
[SourceTitle "CBM 185 Extra"]
[Source "ChessBase"]
[SourceDate "2018.07.29"]
[SourceVersion "1"]
[SourceVersionDate "2018.07.29"]
[SourceQuality "1"]

1. d4 Nf6 2. c4 e6 3. Nc3 Bb4 4. e3 c5 5. Bd3 d5 6. Nf3 Nc6 7. 0-0 0-0 8. a3 Ba5 9. Re1 a6 10. cxd5 Nxd5 11. Bd2 cxd4 12. exd4 Bc7 13. Qe2 f5 14. Bg5 Qd6 15. Nxd5 exd5 16. g3 Qg6 17. Qd2 Qh5 18. Be2 f4 19. Bxf4 Bxf4 20. gxf4 Bg4 21. Ne5 Bxe2 22. Rxe2 Nxd4 23. Qxd4 Qxe2 24. Qxd5+ Kh8 25. Nf7+ Rxf7 26. Qxf7 Qxb2 27. Re1 Rg8 28. Kg2 Qb5 29. Re5 Qc6+ 30. Kg1 Qc1+ 31. Kg2 Qc6+ 1/2-1/2

[Event "Kolomna rapid op"]
[Site "Kolomna"]
[Date "2018.02.16"]
[Round "1"]
[White "Apryshko, Gleb"]
[Black "Murzina, Agata"]
[Result "0-1"]
[WhiteElo "2296"]
[BlackElo "1686"]
[PlyCount "97"]
[EventDate "2018.02.16"]
[EventType "swiss (rapid)"]
[EventRounds "11"]
[EventCountry "RUS"]
[SourceTitle "CBM 183 Extra"]
[Source "ChessBase"]
[SourceDate "2018.04.19"]
[SourceVersion "1"]
[SourceVersionDate "2018.04.19"]
[SourceQuality "1"]

1. e4 e5 2. Nf3 Nc6 3. Bc4 d6 4. h3 g6 5. c3 Bg7 6. 0-0 Nf6 7. d3 0-0 8. Nbd2 d5 9. exd5 Nxd5 10. Re1 Nb6 11. Bb5 Re8 12. Ne4 h6 13. a4 f5 14. Ned2 a6 15. Bxc6 bxc6 16. a5 Nd5 17. Qa4 Nf4 18. Nb3 Nxd3 19. Rd1 e4 20. Ne1 Qd5 21. Nxd3 exd3 22. Nd2 Be6 23. Nf1 Rad8 24. Bf4 Rd7 25. Ne3 Qe4 26. Rd2 Red8 27. h4 c5 28. f3 Qxa4 29. Rxa4 Bb3 30. Ra1 c4 31. Bg3 Re7 32. Kf2 Rde8 33. Re1 g5 34. hxg5 hxg5 35. f4 gxf4 36. Bxf4 Re4 37. g3 c6 38. Kf3 Be5 39. Rg1 Bxf4 40. gxf4+ Kf7 41. Nxf5 Kf6 42. Ng3 Re3+ 43. Kf2 R8e7 44. Rh1 Kg6 45. Rg1 Kf6 46. Nh5+ Kf5 47. Rg5+ Ke4 48. f5 Rf3+ 49. Ke1 0-1

[Event "Moscow op-B (Women) 14th"]
[Site "Moscow"]
[Date "2018.01.31"]
[Round "5"]
[White "Danilova, Rada"]
[Black "Murzina, Agata"]
[Result "1-0"]
[WhiteElo "1959"]
[BlackElo "1685"]
[PlyCount "91"]
[EventDate "2018.01.27"]
[EventType "swiss"]
[EventRounds "9"]
[EventCountry "RUS"]
[SourceTitle "CBM 182 Extra"]
[Source "ChessBase"]
[SourceDate "2018.02.23"]
[SourceVersion "1"]
[SourceVersionDate "2018.02.23"]
[SourceQuality "1"]

1. d4 d5 2. c4 e6 3. Nc3 Nf6 4. cxd5 exd5 5. Bg5 Be7 6. Qc2 Nc6 7. e3 Nb4 8. Qa4+ Bd7 9. Qb3 Bf5 10. Rc1 Bd3 11. Bxf6 gxf6 12. a3 Bxf1 13. Kxf1 Nc6 14. Qxb7 Na5 15. Qxd5 Qxd5 16. Nxd5 Rc8 17. Ke2 c6 18. Nxe7 Kxe7 19. b4 Nb7 20. Nh3 a5 21. Rc2 axb4 22. axb4 Kd7 23. Rhc1 Rhg8 24. Nf4 Nd8 25. b5 Rg5 26. d5 c5 27. Rxc5 Rxc5 28. Rxc5 Nb7 29. Rc6 Nd6 30. b6 Re5 31. Rc7+ Kd8 32. Ra7 Kc8 33. Ra8+ Kb7 34. Rd8 Ne4 35. Rd7+ Kxb6 36. Rxf7 h5 37. Rh7 Nc3+ 38. Kf3 Nxd5 39. Nxd5+ Rxd5 40. e4 Re5 41. Rh6 Kc5 42. Rxf6 Kd4 43. Rd6+ Kc5 44. Rd1 Rg5 45. g3 Kc4 46. Kf4 1-0

[Event "Dvorkovich Memorial op"]
[Site "Taganrog"]
[Date "2018.01.23"]
[Round "9"]
[White "Murzina, Agata"]
[Black "Konaplev, Anton"]
[Result "0-1"]
[WhiteElo "1685"]
[BlackElo "2276"]
[PlyCount "52"]
[EventDate "2018.01.15"]
[EventType "swiss"]
[EventRounds "9"]
[EventCountry "RUS"]
[SourceTitle "CBM 182 Extra"]
[Source "ChessBase"]
[SourceDate "2018.02.23"]
[SourceVersion "1"]
[SourceVersionDate "2018.02.23"]
[SourceQuality "1"]

1. e4 Nf6 2. e5 Nd5 3. c4 Nb6 4. d4 d6 5. exd6 cxd6 6. Nf3 g6 7. b3 Bg7 8. Bb2 0-0 9. g3 Nc6 10. Bg2 d5 11. cxd5 Nxd5 12. 0-0 Bf5 13. a3 Rc8 14. Nc3 Nxc3 15. Bxc3 Be4 16. Rc1 Qd6 17. b4 a6 18. Qe2 Bd5 19. Rfe1 e6 20. Red1 Rfd8 21. Ne5 Bxg2 22. Kxg2 Qd5+ 23. Kg1 Ne7 24. Nf3 Nf5 25. h3 Nd6 26. a4 Qb3 0-1

[Event "Sochi Doroshkevich Amateur op"]
[Site "Sochi"]
[Date "2017.12.23"]
[Round "3"]
[White "Murzina, Agata"]
[Black "Gorobets, Sergey"]
[Result "0-1"]
[WhiteElo "1698"]
[BlackElo "1971"]
[PlyCount "92"]
[EventDate "2017.12.21"]
[EventType "swiss"]
[EventRounds "9"]
[EventCountry "RUS"]
[SourceTitle "CBM 182 Extra"]
[Source "ChessBase"]
[SourceDate "2018.02.23"]
[SourceVersion "1"]
[SourceVersionDate "2018.02.23"]
[SourceQuality "1"]

1. d4 c5 2. e3 d5 3. Nf3 Nf6 4. b3 Nc6 5. Be2 Bf5 6. 0-0 e6 7. Bb2 cxd4 8. Nxd4 Nxd4 9. Bxd4 a6 10. Nd2 Be7 11. c4 dxc4 12. Nxc4 0-0 13. Rc1 b5 14. Ne5 Ba3 15. Ra1 Rc8 16. Bd3 Ne4 17. Bxe4 Bxe4 18. Qg4 Bf5 19. Qg3 f6 20. Ng4 Bxg4 21. Qxg4 e5 22. Qe6+ Kh8 23. Bb6 Re8 24. Rad1 Rxe6 25. Rxd8+ Rxd8 26. Bxd8 Rc6 27. g3 h5 28. Kg2 Rc2 29. Ra1 Rd2 30. Ba5 b4 31. Kf3 f5 32. h3 e4+ 33. Kg2 Kg8 34. Kf1 Kf7 35. Ke1 Rd5 36. Bb6 Bb2 37. Rd1 Rb5 38. Bd4 Ba3 39. Kf1 Rb7 40. Kg2 Rc7 41. Rd2 g5 42. Be5 Rc5 43. Bd4 Rc6 44. Ba1 Ke6 45. Bd4 Bc1 46. Re2 Kd5 0-1

[Event "RUS-chT blitz (Women)"]
[Site "Sochi"]
[Date "2017.10.05"]
[Round "7.3"]
[White "Kovanova, Baira"]
[Black "Murzina, Agata"]
[Result "1-0"]
[WhiteElo "2371"]
[BlackElo "1637"]
[PlyCount "67"]
[EventDate "2017.10.05"]
[EventType "team-tourn (blitz)"]
[EventRounds "10"]
[EventCountry "RUS"]
[SourceTitle "CBM 181 Extra"]
[Source "ChessBase"]
[SourceDate "2017.12.12"]
[SourceVersion "1"]
[SourceVersionDate "2017.12.12"]
[SourceQuality "1"]
[WhiteTeam "Khanty Mansyisk Yugra (W)"]
[BlackTeam "Basiki Moscow Region (W)"]
[WhiteTeamCountry "RUS"]
[BlackTeamCountry "RUS"]

1. Nf3 d5 2. g3 c6 3. Bg2 g6 4. 0-0 Bg7 5. d4 Bg4 6. Ne5 Bf5 7. c3 Nd7 8. Nd3 e5 9. dxe5 Nxe5 10. Bf4 Nc4 11. Nd2 Nb6 12. Nb3 Nf6 13. Nd4 Bd7 14. a4 a5 15. Nc5 Bc8 16. e4 0-0 17. e5 Nfd7 18. Nxd7 Bxd7 19. Re1 Re8 20. h4 Nc4 21. Qb3 Qc8 22. Nf3 Ra7 23. Rad1 Ra6 24. Rd3 Rb6 25. Qc2 Rxb2 26. Qc1 Rb6 27. Bh6 Bxe5 28. Nxe5 Nxe5 29. Rdd1 Nc4 30. Qf4 c5 31. Bxd5 Rxe1+ 32. Rxe1 Na3 33. Qxf7+ Kh8 34. Qg7# 1-0

[Event "RUS-chT blitz (Women)"]
[Site "Sochi"]
[Date "2017.10.05"]
[Round "5.3"]
[White "Styazhkina, Anna"]
[Black "Murzina, Agata"]
[Result "1-0"]
[WhiteElo "2301"]
[BlackElo "1637"]
[PlyCount "107"]
[EventDate "2017.10.05"]
[EventType "team-tourn (blitz)"]
[EventRounds "10"]
[EventCountry "RUS"]
[SourceTitle "CBM 181 Extra"]
[Source "ChessBase"]
[SourceDate "2017.12.12"]
[SourceVersion "1"]
[SourceVersionDate "2017.12.12"]
[SourceQuality "1"]
[WhiteTeam "St Petersburg SDYUSSHOR (W)"]
[BlackTeam "Basiki Moscow Region (W)"]
[WhiteTeamCountry "RUS"]
[BlackTeamCountry "RUS"]

1. e4 e5 2. Nf3 Nc6 3. Bc4 Be7 4. c3 Nf6 5. d3 d6 6. Bb3 Bg4 7. h3 Bh5 8. Nbd2 d5 9. Qe2 d4 10. Nf1 Bxf3 11. Qxf3 Qd7 12. Ng3 0-0-0 13. c4 Bb4+ 14. Ke2 Bf8 15. Ba4 h5 16. Bg5 h4 17. Nf5 Re8 18. Bxh4 Nh5 19. Bg5 f6 20. Bd2 g6 21. Ng3 Bg7 22. Nxh5 Rxh5 23. Qg4 Qxg4+ 24. hxg4 Rxh1 25. Rxh1 Re6 26. Rh7 Re7 27. Bxc6 bxc6 28. Bh6 Bf8 29. Rh8 Kd7 30. Rxf8 c5 31. Rxf6 g5 32. Bxg5 Rg7 33. Rf5 Kd6 34. f3 Rg6 35. Bh4 Rg7 36. Bf6 Rg6 37. Bxe5+ Kd7 38. Bf4 Kc6 39. Rf7 Kb6 40. Rxc7 Rf6 41. Bg3 a5 42. g5 Rg6 43. Bf4 Rg8 44. Rf7 Re8 45. g6 Rg8 46. g7 Kc6 47. Be5 Kb6 48. Rf8 a4 49. Rxg8 a3 50. b3 Ka7 51. Rb8 Ka6 52. g8Q Ka5 53. Qd8+ Ka6 54. Qb6# 1-0